• 首页
  • 本馆介绍
  • 公告通知
  • 最新文献
  • 馆藏检索
  • 电子资源
  • 读者导购
  • 参考咨询
  • 我的图书馆
  • 登录
  • 详细信息显示
  • 放入我的书架
  • 预约/预借图书
  • 作者相关作品
  • 分类相关作品
  • 丛书相关作品
  • 出版社相关作品

书目信息

  • 表格格式
  • 工作单格式
  • 卡片格式
题名:
简明英汉科技词典
    
 
作者: ;西安交通大学外语教研室 编
分册:  
出版信息: 北京   商务印书馆  1978
页数: 1689页
开本: 52cm
丛书名:
单 册:
中图分类: T-61
科图分类:
主题词: 科学技术--词典--英、中
电子资源:
ISBN:
000 00720nam0 2200241 45
001 0178001087
005 20031214003219.4
010    @b精装@dCNY3.55
091    @a9017.783
100    @a19950801d1978 em y0chiy0121 ea
101 0  @achi@aeng
102    @aCN@b110000
105    @ay e 000yy
106    @ar
200 10 @a简明英汉科技词典@Ajian ming ying han ke ji ci dian@f西安交通大学外语教研室编
210    @a北京@c商务印书馆@d1978
215    @a1689页@d52cm
517 1  @a英汉科技词典@Aying han ke ji ci dian
606    @a科学技术@x词典@x英、中
690    @aT-61@v3
711 02 @a西安交通大学外语教研室@Axi an jiao tong da xue wai yu jiao yan shi@4编
801  0 @aCN@bNLC@c20031213
905    @dT-61@e28@f1@b164893
    
    简明英汉科技词典/西安交通大学外语教研室编.-北京:商务印书馆,1978
    1689页;52cm
    
    
    ISBN (精装):CNY3.55
    
●
相关链接 在E读中查询图书 在五车中查询图书 在当当中查询图书 在豆瓣中查询图书


正题名:简明英汉科技词典     索取号:T-61/28         预约/预借

序号 登录号 条形码 馆藏地/架位号 状态 备注
1 0164893   001863031   密集书库/ [索取号:T-61/28] 在馆    
唐山师范学院图书馆 欢迎您!
大连网信软件有限公司© 版权所有